Surface mining / (Record no. 10016)
[ view plain ]
| 000 -LEADER | |
|---|---|
| fixed length control field | 01031nac a22002531u 4500 |
| 010 ## - LIBRARY OF CONGRESS CONTROL NUMBER | |
| LC control number | 68024169 |
| 082 00 - DEWEY DECIMAL CLASSIFICATION NUMBER | |
| Classification number | 622.31 |
| Item number | SUR |
| 090 ## - LOCALLY ASSIGNED LC-TYPE CALL NUMBER (OCLC); LOCAL CALL NUMBER (OCLC) | |
| -- | 10016 |
| -- | 10016 |
| 100 ## - MAIN ENTRY--PERSONAL NAME | |
| Personal name | 20080729 |
| 245 00 - TITLE STATEMENT | |
| Title | Surface mining / |
| Statement of responsibility, etc | Editor: Eugene P. Pfleider. Associate editors: George B. Clark...[et. al.] |
| 260 ## - PUBLICATION, DISTRIBUTION, ETC. (IMPRINT) | |
| Place of publication, distribution, etc | New York, |
| Name of publisher, distributor, etc | American Institute of Mining, Metallurgical, and Petroleum Engineers,1968. |
| Date of publication, distribution, etc | c1968. |
| 300 ## - PHYSICAL DESCRIPTION | |
| Extent | xxi, 1061 p. |
| Other physical details | illus., maps, plans. |
| Dimensions | 24 cm. |
| 440 #0 - | |
| -- | Seeley W. Mudd series |
| 500 ## - GENERAL NOTE | |
| General note | Distributer: Al-Ahram. |
| 504 ## - BIBLIOGRAPHY, ETC. NOTE | |
| Bibliography, etc | Includes bibliographical references and index. |
| 511 ## - PARTICIPANT OR PERFORMER NOTE | |
| Participant or performer note | Catalogued by: Sara. |
| 650 #0 - SUBJECT ADDED ENTRY--TOPICAL TERM | |
| Topical term or geographic name as entry element | Strip mining. |
| 650 #0 - SUBJECT ADDED ENTRY--TOPICAL TERM | |
| Topical term or geographic name as entry element | Mining engineering. |
| 700 1# - ADDED ENTRY--PERSONAL NAME | |
| Personal name | Pfleider, Eugene P., |
| 700 1# - ADDED ENTRY--PERSONAL NAME | |
| Personal name | Clark, George B. |
| 710 2# - ADDED ENTRY--CORPORATE NAME | |
| Corporate name or jurisdiction name as entry element | American Institute of Mining, Metallurgical, and Petroleum Engineers. |
| 942 ## - ADDED ENTRY ELEMENTS (KOHA) | |
| Item type | Book - Borrowing |
| Call number prefix | 622.31SUR |
| Withdrawn status | Item status | Damaged status | Not for loan | Home library | Current library | Shelving location | Date acquired | Source of acquisition | Total Checkouts | Full call number | Barcode | Date last seen | Date last borrowed | Koha item type |
|---|---|---|---|---|---|---|---|---|---|---|---|---|---|---|
| Central Library | Central Library | First floor | 27/07/2008 | Purchase | 1 | 622.31SUR | 000013452 | 15/07/2025 | 09/11/2010 | Book - Borrowing |